zpět

Detail výsledku týmu

Be Friendly, Praha

Datum a čas kvízu

27 Celkem bodů Celkový počet nahraných bodů na tomto kvízu bez doplňovacích otázek.
7. Pořadí na kvízu Konečné umístění týmu na tomto kvízu.

Zaznamenané odpovědi

# Otázka Odpověď Body Výsledky
1. Úřad jednoho města v okrese Pr... 1
2. Bývalý ukrajinský prezident by... 1
3. Minulou středu byla ve Valašsk... 0
4. Třemi podpisy stvrdili zástupc... 1
5. Útočník Komety Martin Erat vst... 0
22. Tento živočich z řádu krokodýl... 1
23. Několik druhů chameleonů (např... 0
24. Jak se nazývá tento živočich?... 1
25. Kteří dva herci ztvárnili dvě... 1
10. Které ministerstvo vedl Sebast... 0